| 000 | 01352cam a22002535a 4500 | ||
|---|---|---|---|
| 001 | L159640 | ||
| 008 | 151103s2015 xxk f 000 0 eng d | ||
| 035 | _a(Sirsi) u159640 | ||
| 041 | 0 | _aeng | |
| 110 | 2 |
_aKnight Frank _91530 |
|
| 245 | 0 | 0 |
_aIndia retail market - Think India. Think 'connected' retail 2017 _h[electronic resource] |
| 260 |
_a[S.l.] _bKnight Frank _c2017 |
||
| 505 | 2 | _aOmni-channel opportunity -- Waves of modern retail in India -- Market sizing: modern retail in India -- Future of retail in India -- Lessons from across the globe -- Case study: Bestseller India -- GAP -- Shoppers Stop -- Woodland -- Hennes & Mauritz -- Pepperfry | |
| 520 | _aTracks the evolution of India?s modern retail market in the top six cities in India viz. Mumbai, NCR, Bengaluru, Chennai, Hyderabad and Pune. The report also contains case studies on the marketing strategies of some of the leading brands. | ||
| 650 | 2 | 4 | _aMARKETING STRATEGY |
| 650 | 2 | 4 | _aRETAIL MARKETS |
| 651 | 4 | _aIndia | |
| 690 | _aRETAIL PROPERTY | ||
| 690 |
_aCommercial property _96227 |
||
| 690 |
_aInvestments _96250 |
||
| 710 | 1 | _aRetailers Association of India | |
| 856 | 4 | 0 |
_uhttps://kfcontent.blob.core.windows.net/research/317/documents/en/think-india-think-connected-retail-2017-4441.pdf. _zView the item free of charge from the www.knightfrank.com |
| 942 | _n0 | ||
| 999 |
_c116069 _d116069 |
||